| 000 | 00769nam a22002057a 4500 | ||
|---|---|---|---|
| 008 | 160929b xxu||||| |||| 00| 0 eng d | ||
| 020 | _a1576854094 | ||
| 050 | _aLB 1775.6 .C54 2002 | ||
| 100 | _aChesla, Elizabeth L. | ||
| 245 |
_aEarly childhood education/preschool teacher career starter/ _cElizabeth Chesla and Jelena Matic |
||
| 250 | _a1st ed. | ||
| 260 |
_aNew York: _bLearning Express, _c2002 |
||
| 300 |
_axv, 165p. : _bill. ; |
||
| 500 | _aIncludes references | ||
| 650 |
_aEarly Childhood education _xVocational guidance _zUnited States |
||
| 650 |
_aPreschool teaching _xVocational guidance _zUnited States |
||
| 650 |
_aEarly childhood teachers _zUnited States |
||
| 700 | _aMatic,Jelena | ||
| 942 |
_2lcc _cBOOKS _hLB 1775.6 .C54 2002 |
||
| 999 |
_c14296 _d14296 |
||